| 000 | 01676nam a2200313 a 4500 | ||
|---|---|---|---|
| 001 | ASIN0241145392 | ||
| 005 | 20170105102932.0 | ||
| 008 | 150313s2011 xxu eng d | ||
| 020 | _a0241145392 (paperback) | ||
| 020 | _a9780241145395 (paperback) | ||
| 040 | _a0 | ||
| 050 | 0 | 4 | _aE183.7 |
| 082 | 0 | 4 |
_a320 _bCHO 2011 |
| 100 | 1 | _aChomsky, Noam. | |
| 245 | 1 | 0 |
_aHow the world works / _cNoam Chomsky. |
| 260 |
_a[S.l.] : _bHamish Hamilton, _c2011. |
||
| 300 |
_a335 p. ; _c22 cm. |
||
| 520 | _aWITH EXCEPTIONAL CLARITY AND POWER OF ARGUMENT, NOAM CHOMSKY LAYS BARE AS NO ONE ELSE CAN THE REALITIES OF CONTEMPORARY GEOPOLITICS. DIVIDED INTO FOUR SECTIONS, ORIGINALLY PUBLISHED IN THE US ONLY AS INDIVIDUAL SHORT BOOKS, COLLECTIVELY SELLING OVER HALF A MILLION COPIES, HOW THE WORLD WORKS COVERS: WHAT UNCLE SAM REALLY WANTS (THE CIPS GOALS OF US FOREIGN POLICY; THE DEVASTATION CAUSED ABROAD; THE BRAINWASHING AT HOME); THE PROSPEROUS FEW AND THE RESTLESS MANY (THE NEW GLOBAL ECONOMY; FOOD AND THIRD WORLD ECONOMIC MIRACLES ; THE ROOTS OF RACISM); SECRETS, LIES AND DEMOCRACY ( THE US, THE CIA, RELIGIOUS FUNDAMENTALISM; GLOBAL INEQUALITY; THE COMING ECO-CATASTROPHE); THE COMMON GOOD (EQUALITY, FREEDOM, THE MEDIA; THE MYTH OF THIRD WORLD DEBT; MANUFACTURING DISSENT). | ||
| 650 | 0 | _aGeopolitics | |
| 650 | 0 | _aInternational economic relations | |
| 650 | 0 | _aInternational relations | |
| 650 | 0 | _aPolitical and social views | |
| 650 | 0 | _aPolitical science | |
| 650 | 0 | _aSocial policy | |
| 650 | 0 | _aUnited States | |
| 650 | 0 | _aWorld politics | |
| 856 | 4 | 0 |
_3Amazon.com _uhttp://www.amazon.com/exec/obidos/ASIN/0241145392/chopaconline-20 |
| 942 |
_2ddc _cBK |
||
| 999 |
_c16103 _d16103 |
||